000 00603nam a2200193Ia 4500
003 IN-BaIIA
008 211028s9999 xx 000 0 eng d
040 _cIIA Library
080 _a539.2
_bROS
100 _aRose, Albert
_95029
245 0 _aConcepts in photoconductivity and allied problems
_cAlbert Rose
260 _aNew York
_bWiley
_c1963
300 _ax, 168p.
490 _aInterscience tracts on physics and astronomy; no. 19
650 _aNASA thesaurus
650 _aPhotoconductivity
_95030
650 _aSolid state physics
942 _cBK
999 _c2813
_d2813